| 000 | 00440nam a2200181Ia 4500 | ||
|---|---|---|---|
| 001 | 16875 | ||
| 003 | IN-NITTTR | ||
| 005 | 20251114233159.0 | ||
| 008 | 251113s9999||||xx |||||||||||||| ||eng|| | ||
| 040 | _beng | ||
| 040 | _cIN-NITTTR | ||
| 041 | _aeng | ||
| 082 | _a370.78 C66R | ||
| 100 | _aCohen, Louis | ||
| 245 | 0 |
_aResearch methods in education / _cCohen, Louis, Manion, Lawrence |
|
| 700 | _a Manion, Lawrence | ||
| 942 |
_2ddc _cBK |
||
| 999 |
_c19509 _d19509 |
||